Escudos de fútbol con aves - Estadísticas

Estadísticas generales
  • Esta prueba ha sido intentada 3.006 veces
  • La puntuación promedio es 14 de 25
Estadísticas de respuestas
Imagen Respuesta % Correcto
SL Benfica
98%
Tottenham Hotspur
97%
Lazio
95%
Crystal Palace
88%
Brighton & Hove Albion
85%
Swansea City
78%
Niza
76%
Norwich City
70%
CD Mirandés
66%
Friburgo
66%
Eintracht Frankfurt
65%
Palermo
59%
AEK Atenas
58%
West Bromwich Albion
53%
Cardiff City
51%
PAOK
45%
Bristol City
40%
Unión Española
36%
Coventry City
34%
Sheffield Wednesday
28%
Wycombe Wanderers
27%
SSC Bari
22%
Go Ahead Eagles
18%
Modena FC
10%
US Catanzaro
7%
No se encontraron pruebas coincidentes
Distribución de puntuación
Porcentaje de gente con cada puntuación
Porcentaje por número respondido
Historial de tus puntuaciones
No has intentado esta prueba.